| 000 | 00424nam a2200157Ia 4500 | ||
|---|---|---|---|
| 008 | 230711s9999||||xx |||||||||||||| ||und|| | ||
| 041 | _aENG | ||
| 082 |
_a624 _bNU-R |
||
| 100 | _aNunnally, S. W | ||
| 245 | 0 | _aMcGraw-Hill Education Yearbook of Science & Technology | |
| 250 | _a2nd Ed. | ||
| 260 |
_c1990 _aNew York _bTata McGraw Hill Education Limited |
||
| 650 | _aArchitecture | ||
| 700 | _aNunnally,Joan A. | ||
| 942 | _cBK | ||
| 999 |
_c590 _d590 |
||